El duelo : (Record no. 23664)

000 -CABECERA
fixed length control field 01015nam a22002537i 4500
003 - IDENTIFICADOR DEL NÚMERO DE CONTROL
control field AR-CdUCM
008 - DATOS DE LONGITUD FIJA--INFORMACIÓN GENERAL
fixed length control field 260429b20222022 pe||||| |||| 00| 0 spa d
020 ## - NÚMERO INTERNACIONAL ESTÁNDAR DEL LIBRO
ISBN 978-612-5042-68-2
040 ## - FUENTE DE LA CATALOGACIÓN
Agencia/entidad que catalogó originalmente la obra MUNICIPALIDAD PROVINCIAL DEL CUSCO
Entidad que transcribió la catalogación BIBLIOTECA MUNICIPAL DEL CUSCO
082 ## - NÚMERO DE LA CLASIFICACIÓN DECIMAL DEWEY
No. de Clasificación 155.93
Notacion interna R22
100 ## - ENTRADA PRINCIPAL--NOMBRE DE PERSONA
Nombre Personal Ramírez Bengoa, Roberto René
245 ## - MENCIÓN DE TÍTULO
Título El duelo :
Resto del título La nueva pandemia de las pérdidas
260 ## - PUBLICACIÓN, DISTRIBUCIÓN, ETC.
Lugar de publicación, distribución, etc. Lima-Perú:
Nombre de la editorial, distribuidor, etc. Corporacion Igneo, SAC.
Fecha de publicación, distribución, etc. 2022
300 ## - DESCRIPCIÓN FÍSICA
Nº de Páginas Extensión 89 páginas. :
Dimensiones 23x15 cm.
505 ## - NOTA DE CONTENIDO CON FORMATO
Nota de contenido formateada Las perdidas , El dolor de la ausencia -- Modelos de mayor aceptación -- Rasgos duelo regular -- Elementos de vulnerabilidad -- Prevención y tratamiento del duelo patológico -- Abordaje terapéutico del duelo patológico
650 ## - PUNTO DE ACCESO ADICIONAL DE MATERIA--TÉRMINO DE MATERIA
Descriptor Tipos de duelo
9 (RLIN) 52831
650 ## - PUNTO DE ACCESO ADICIONAL DE MATERIA--TÉRMINO DE MATERIA
Descriptor Duelo regular
9 (RLIN) 52832
650 ## - PUNTO DE ACCESO ADICIONAL DE MATERIA--TÉRMINO DE MATERIA
Descriptor Duelo complicado
9 (RLIN) 52833
650 ## - PUNTO DE ACCESO ADICIONAL DE MATERIA--TÉRMINO DE MATERIA
Descriptor Tecnicas fisioterapéuticas
9 (RLIN) 52834
856 ## - LOCALIZACIÓN Y ACCESO ELECTRÓNICOS
Dirección electrónica www.grupoigneo.com
942 ## - ELEMENTOS DE PUNTO DE ACCESO ADICIONAL (KOHA)
Fuente de clasificación
Tipo de item Libros-BMC
945 ## - PROCESAMIENTO DE INFORMACIÓN LOCAL (OCLC)
Catalogador pbjr
AAAA-MM-DD - Fecha de ingreso o modificacion 29-04-2026
Holdings
Estado de retiro (separado) Fuente de clasificación o esquema de estanterías Estado dañado Ubicación Sala donde se ubica Nombre de la colección Fecha de adquisición o compra Fuente de adquisición Costo, precio normal en soles Signatura topográfica Código de Barras Última vez visto (Koha) Tipo de ítem (Koha)
No     Sala Humanidades Sala Humanidades Book Cart 2026-04-29 Donación 20.00 155.93 / R22 SH0000017130 2026-04-29 Libros-BMC

Powered by Koha